Native African races and culture /

Bibliographic Details
Main Author: Johnson, James Weldon, 1871-1938
Corporate Author: Alexander Street (Firm)
Format: eBook
Language:English
Published: Charlottesville, Va., 1927.
Series:Black thought and culture.
Occasional papers (John F. Slater Fund) ; no. 25.
Subjects:
Online Access:Connect to the full text of this electronic book

MARC

Tag First Indicator Second Indicator Subfields
LEADER 00000cam a2200000 i 4500
001 in00005633713
006 m o d
007 cr bn|---|uuuu
008 751124s1927 vau o 000 0 eng d
005 20250331201108.2
035 |a (OCoLC)ocm83538768  
040 |a ZYU  |b eng  |e pn  |c ZYU  |d OCLCG  |d ALSTP  |d OCLCQ  |d OCLCF  |d OCLCO  |d OCLCQ  |d OCLCE  |d OCLCQ  |d OCLCA  |d OCLCQ  |d IAI  |d OCLCO  |d OCLCA  |d OCLCO  |d OCLCQ  |d OCLCO  |d OCLCL  |d SXB  |d OCLCQ  |d OCLCO  |d OCLCQ 
019 |a 609442697 
035 |a (OCoLC)83538768  |z (OCoLC)609442697 
042 |a dlr 
043 |a f------ 
050 4 |a E185.5  |b .J65 no. 25 
070 |a 446  |b J63 
072 0 |a X800 
082 0 4 |a 572.96  |b J pph 
049 |a TXAM 
100 1 |a Johnson, James Weldon,  |d 1871-1938.  |1 https://id.oclc.org/worldcat/entity/E39PBJgRRdPQc3xTfHqXQtfjG3 
245 1 0 |a Native African races and culture /  |c by James Weldon Johnson. 
260 |a Charlottesville, Va.,  |c 1927. 
300 |a 1 online resource (26 pages). 
336 |a text  |b txt  |2 rdacontent 
337 |a computer  |b c  |2 rdamedia 
338 |a online resource  |b cr  |2 rdacarrier 
386 |n eth  |a African Americans  |2 lcdgt 
386 |n nat  |a Americans  |2 lcdgt 
490 1 |a The Trustees of the John F. Slater fund Occasional papers. no. 25 
500 |a "Works cited": p. 26. 
588 0 |a Print version record. 
538 |a Master and use copy. Digital master created according to Benchmark for Faithful Digital Reproductions of Monographs and Serials, Version 1. Digital Library Federation, December 2002.  |u http://purl.oclc.org/DLF/benchrepro0212  |5 MiAaHDL 
583 1 |a digitized  |c 2010  |h HathiTrust Digital Library  |l committed to preserve  |2 pda  |5 MiAaHDL 
650 0 |a Ethnology  |z Africa. 
651 0 |a Africa  |x Civilization. 
650 6 |a Ethnologie  |z Afrique. 
650 7 |a Civilization  |2 fast 
650 7 |a Ethnology  |2 fast 
651 7 |a Africa  |2 fast  |1 https://id.oclc.org/worldcat/entity/E39PBJkHrMyfHC67yqRTycbrv3 
655 7 |a Electronic books.  |2 local 
710 2 |a Alexander Street (Firm) 
758 |i has work:  |a Native African races and culture (Text)  |1 https://id.oclc.org/worldcat/entity/E39PCH8tKDCC6F4WkKpDVxWyMP  |4 https://id.oclc.org/worldcat/ontology/hasWork 
776 0 8 |i Print version:  |a Johnson, James Weldon, 1871-1938.  |t Native African races and culture.  |d Charlottesville, Va., 1927  |w (DLC) 29003772 
830 0 |a Black thought and culture. 
830 0 |a Occasional papers (John F. Slater Fund) ;  |v no. 25. 
856 4 0 |u http://proxy.library.tamu.edu/login?url=https://www.aspresolver.com/aspresolver.asp?BLTC;S8023  |z Connect to the full text of this electronic book  |t 0 
936 |a BATCHLOAD 
955 |a Alexander Street - Black Thought and Culture 
994 |a 92  |b TXA 
999 f f |s dd35aa94-d8ca-4586-aad5-705ae9974494  |i aabc14a8-d278-4f50-974d-b2fad6dc9ef7  |t 0 
952 f f |a Texas A&M University  |b College Station  |c Electronic Resources  |d Available Online  |t 0  |e E185.5 .J65 no. 25  |h Library of Congress classification 
998 f f |a E185.5 .J65 no. 25  |t 0  |l Available Online